Обикновен български комунизъм (Запис номер 80093)
[ съкратено ]
| 000 -Лидер | |
|---|---|
| Контролно поле с фиксирана дължина | 01659nam a2200301 c 4500 |
| 003 - Код на организацията, давaща контролен номер | |
| Контролно поле | BLK |
| 005 - Дата и час на последна редакция | |
| Контролно поле | 20190910135848.0 |
| 008 - Елементи от данни с фиксирана дължина | |
| fixed length control field | 180408b bul|||||r ||||||| ||bul|| |
| 010 ## - Наследен системен номер | |
| LC control number | KNG00084577000 |
| 020 ## - Международен стандартен номер на книга ISBN | |
| Международен стандартен номер на книга ISBN | 978-954-8248-63-1 |
| -- | издат.: Работилница за книжнина Васил Станилов - на том(ч. 2) |
| 040 ## - Източник на каталожния запис | |
| Идентификатор на билиотеката - собственик на записа | BLK |
| 041 ## - Код за език | |
| Код за езика на текст/звукозапис или на отделно заглавие | Български |
| Код за езика КДБФ | Български |
| 080 ## - УДК | |
| Текстов определител УДК | Българска литература |
| УДК код - определител по УДК | 821.163.2 |
| УДК определител | -31 |
| УДК - код + определител | 821.163.2-31 |
| 080 ## - УДК | |
| Текстов определител УДК | Отношение между население и държава. Вътрешно политически прояви |
| УДК код - определител по УДК | 323.2 |
| УДК определител | (497.2)(091)(093.2) |
| УДК - код + определител | 323.2(497.2)(091)(093.2) |
| 100 1# - Редна дума - Автор | |
| Автор | Попов, Славян |
| Авторска отговорност | първи автор |
| R(LIN) | 293203 |
| 139 ## - Редно поле | |
| Редна дума | Попов, Славян |
| Авторски знак | Попов - П 76 |
| 245 10 - Сведения за заглавието | |
| Заглавие | Обикновен български комунизъм |
| Подзаглавни данни | Худож.-документално повествование за безвластието - 9.ІХ.1944 г. - 10.ХІ. 1989 г. : В 3 ч. |
| Редно поле (дума) | Славян Попов. |
| Том | Ч. 2 |
| Заглавие на том | Да се учим, да работим, да строим живота нов.... |
| 257 ## - Страна на издаване | |
| Страна на създаване/издаване | България |
| 260 ## - Област на издателските данни | |
| -- | София |
| Година на издаване | 2004 - |
| Печатница | За том: София : АСИ-принт |
| 300 ## - Физическа характеристика | |
| Размери/Мащаб | 24 см |
| 380 ## - Жанр | |
| Жанр | Худож. лит. |
| 760 1# - Описание на основната серия | |
| -- | - на том(ч. 2) |
| Редна дума на основното описание | Попов, Славян |
| Място на издаване, издател и година | Работилница за книжнина Васил Станилов, 2008 |
| Страници - том | 412 с. : с факс. |
| Заглавие | Ч. 2 Да се учим, да работим, да строим живота нов.... |
| 852 ## - Местоположение | |
| Форматна сигнатура | Цб 231233 |
| 856 4# - Електронен адрес и достъп | |
| Електронен формат | pdf - файл |
| Път до файла /url/ | |
| 856 4# - Електронен адрес и достъп | |
| Електронен формат | pdf - файл |
| Път до файла /url/ | |
| 942 ## - АРТИКУЛИ | |
| Вид на библиотечния материал | Книги |
| Скрит в OPAC | Не |
| Koha issues (borrowed), all copies | 2 |
| 944 ## - СЪЗДАВАНЕ И РЕДАКЦИЯ на ЗАПИСА | |
| Създаване/Редакция | Създаване |
| Дата на регистрацията/редакция | 22.07.2008 |
| Служител, извършил регистрацията/редакцията | Валя_Йорданова |
| 944 ## - СЪЗДАВАНЕ И РЕДАКЦИЯ на ЗАПИСА | |
| Създаване/Редакция | Редакция |
| Дата на регистрацията/редакция | 18.03.2009 |
| Служител, извършил регистрацията/редакцията | |
| 999 ## - СИСТЕМНИ КОНТРОЛНИ НОМЕРА | |
| Koha biblionumber | 80093 |
| Koha biblioitemnumber | 80093 |
| Код за отписване | Код за изгубен артикул | Код за повреда | Коз за рестрикции | Код за отдаване | Артикулен № | Име на библиотеката - собственик | Име на библиотеката, в която се намира в момента | Статус (Текущо местоположение) | Дата на вписване в системата | Местоположение - отдел | Цена в лева | Инвентарен номер | Систематично азбучна сигнатура | Баркод | Номер на екземпляра | Цена в евро | Служебна бележка | Служебен тип на артикула |
|---|---|---|---|---|---|---|---|---|---|---|---|---|---|---|---|---|---|---|
| Не е изгубен | Не е повреден | без рестрикции | заемане за дома | 129839 | Регионална библиотека "Любен Каравелов" Русе | Регионална библиотека "Любен Каравелов" Русе | Заемна - подръчен фонд | 2008-07-22 | Заемна - подръчен фонд | 10.00 | 120000727678 | П 886.7-31/П 76 | 120000727678 | 1 | 5.11 | Дост: Pk Вид: Ф N: 6001 Дата: 17.07.2008 Дата инв: 12.02.2018 Бележки инв: П2018 | Книги | |
| Не е изгубен | Не е повреден | без рестрикции | ползва се в читалня | 129840 | Регионална библиотека "Любен Каравелов" Русе | Регионална библиотека "Любен Каравелов" Русе | Хранилище | 2009-03-19 | Хранилище | 10.00 | 120000734298 | Цб 231233 | 120000734298 | 2 | 5.11 | Дост: Dp Вид: Д N: 42 Дата: 01.10.2008 | Книги |